000
00257nam a22001097a 4500
008
170111b xxu||||| |||| 00| 0 eng d
020
_a
0397546386
041
_a
eng
080
_a
618.2
245
_a
APPLICATION OF NURSING PROCESS
_c
ALFARO, R
942
_2
udc
_c
BK
999
_c
2691
_d
2691